Premier League 15/16 Standings - Statistics

General Stats
  • This quiz has been taken 30 times
  • The average score is 16 of 20
Answer Stats
Place Team % Correct
1 Leicester City
100%
2 Arsenal
96%
4 Manchester City
96%
5 Manchester United
96%
3 Tottenham
96%
10 Chelsea
88%
6 Southampton
83%
11 Everton
79%
8 Liverpool
79%
18 Newcastle
79%
20 Aston Villa
75%
9 Stoke City
75%
7 West Ham
75%
17 Sunderland
71%
12 Swansea City
71%
19 Norwich City
67%
13 Watford
67%
16 Bournemouth
63%
15 Crystal Palace
63%
14 West Brom
58%
No matching quizzes found
Score Distribution
Percent of People with Each Score
Percentile by Number Answered
Your Score History
You have not taken this quiz